| 000 | 00718cab a2200229 4500 | ||
|---|---|---|---|
| 001 | ABS48197 | ||
| 008 | 090401t1993 xxu||||| |||| 00| 0 eng d | ||
| 035 | _a(Sirsi) u65424 | ||
| 041 | _aeng | ||
| 100 | _aEvans, P.H. | ||
| 245 | _aStatistical review | ||
| 260 | _c1993 | ||
| 350 | _a0 | ||
| 490 |
_aJournal of Property Finance _v3(4) Spring 1993, 555-560(4) |
||
| 520 | _aReview of the statistics available on the commercial property market for 1992. Includes detailed graphs. | ||
| 650 | _aBANK OF ENGLAND | ||
| 650 | _aCENTRAL STATISTICAL OFFICE | ||
| 650 | _aDEPARTMENT OF TRADE AND INDUSTRY | ||
| 690 | _aPROPERTY-COMMERCIAL PROPERTY-COMMERCIAL PROPERTY MARKET | ||
| 942 | _n0 | ||
| 948 | _c04/03/1997 | ||
| 999 |
_c40794 _d40794 |
||